[Event "Budapest FS07 IM"]
[Site "Budapest"]
[Date "2010.07.11"]
[Round "9"]
[White "Qu, Yanqiao"]
[Black "Szalanczy, Emil"]
[Result "1-0"]
[WhiteElo "2124"]
[BlackElo "2318"]
[PlyCount "105"]
[EventDate "2010.07.03"]
[EventType "tourn"]
[EventRounds "11"]
[EventCountry "HUN"]
[EventCategory "1"]
[SourceTitle "CBM 137 Extra"]
[Source "ChessBase"]
[SourceDate "2010.09.01"]
[SourceVersion "1"]
[SourceVersionDate "2010.09.01"]
[SourceQuality "1"]

1. e4 c5 2. Nf3 d6 3. d4 cxd4 4. Nxd4 Nf6 5. Nc3 g6 6. f4 Nc6 7. Nxc6 bxc6 8. e5 Nd7 9. Qf3 d5 10. Be3 Bg7 11. 0-0-0 Qa5 12. Qf2 e6 13. a3 f6 14. exf6 Bxf6 15. Bd4 0-0 16. Bxf6 Rxf6 17. Qe1 Qc7 18. g3 e5 19. Bh3 e4 20. Bxd7 Bxd7 21. Qe3 Kg7 22. h4 Bg4 23. Rd2 Qb6 24. Re1 Rb8 25. Na4 Qxe3 26. Rxe3 h6 27. c4 Rf5 28. Nc3 dxc4 29. Rxe4 Rc5 30. Rdd4 Kf7 31. Rxc4 Rxc4 32. Rxc4 Bf3 33. Rc5 Re8 34. Kd2 Kf6 35. b4 Re7 36. a4 Rb7 37. Ke3 Bh1 38. b5 cxb5 39. axb5 Bg2 40. g4 Kf7 41. Kd4 Bf3 42. g5 Kg7 43. Nd5 Rf7 44. Nf6 Re7 45. Re5 Rf7 46. Kc5 h5 47. Kd6 Rb7 48. Re7+ Kf8 49. Rxb7 Bxb7 50. Nd7+ Kg7 51. Nb8 Bc8 52. Nc6 a6 53. b6 1-0

[Event "Budapest FS07 IM"]
[Site "Budapest"]
[Date "2010.07.06"]
[Round "4"]
[White "Farago, Sandor"]
[Black "Qu, Yanqiao"]
[Result "1-0"]
[WhiteElo "2244"]
[BlackElo "2124"]
[PlyCount "79"]
[EventDate "2010.07.03"]
[EventType "tourn"]
[EventRounds "11"]
[EventCountry "HUN"]
[EventCategory "1"]
[SourceTitle "CBM 137 Extra"]
[Source "ChessBase"]
[SourceDate "2010.09.01"]
[SourceVersion "1"]
[SourceVersionDate "2010.09.01"]
[SourceQuality "1"]

1. e4 c5 2. Nf3 Nc6 3. d4 cxd4 4. Nxd4 Qc7 5. Nc3 e6 6. Be3 a6 7. Nxc6 dxc6 8. f4 Nf6 9. Bd3 c5 10. Qe2 b5 11. e5 Nd5 12. Nxd5 exd5 13. c3 Be7 14. 0-0 0-0 15. Qh5 g6 16. Qf3 Bb7 17. Qg3 f5 18. Rad1 Bc8 19. Bc2 Be6 20. Bb3 Rad8 21. Qf3 Qb7 22. Rd2 Rd7 23. Rfd1 Rfd8 24. h3 Bf8 25. g4 Kh8 26. Bf2 Be7 27. Kh2 c4 28. Bc2 Rf8 29. gxf5 gxf5 30. Rg1 Bd8 31. Bc5 Rff7 32. Rdg2 Rg7 33. Bf8 Rxg2+ 34. Rxg2 Rf7 35. Bh6 Bh4 36. Qh5 Qe7 37. a3 Qd8 38. Bxf5 Rxf5 39. Bg7+ Kg8 40. Bf6+ 1-0

[Event "Budapest FS07 IM"]
[Site "Budapest"]
[Date "2010.07.03"]
[Round "1"]
[White "Adams, Nick A"]
[Black "Qu, Yanqiao"]
[Result "1-0"]
[WhiteElo "2211"]
[BlackElo "2124"]
[PlyCount "105"]
[EventDate "2010.07.03"]
[EventType "tourn"]
[EventRounds "11"]
[EventCountry "HUN"]
[EventCategory "1"]
[SourceTitle "CBM 137 Extra"]
[Source "ChessBase"]
[SourceDate "2010.09.01"]
[SourceVersion "1"]
[SourceVersionDate "2010.09.01"]
[SourceQuality "1"]

1. c4 Nf6 2. Nc3 d6 3. g3 Nbd7 4. Bg2 e5 5. d3 Be7 6. e4 0-0 7. Nge2 c6 8. 0-0 a6 9. h3 b5 10. a3 Bb7 11. g4 Nb6 12. b3 Qd7 13. Be3 Bd8 14. f4 exf4 15. Bxf4 d5 16. c5 Nc8 17. exd5 Nxd5 18. Nxd5 cxd5 19. d4 Ne7 20. Qd2 Ng6 21. Bd6 Be7 22. Bxe7 Nxe7 23. Ng3 Bc6 24. Rae1 Rae8 25. Re3 Nc8 26. Rfe1 g6 27. g5 Qd8 28. h4 Rxe3 29. Rxe3 f5 30. gxf6 Qxf6 31. h5 Ne7 32. Re5 Qh4 33. Qe3 Rf7 34. Re6 Kf8 35. Qe5 Qf4 36. Qh8+ Ng8 37. Rxc6 Qxg3 38. Rc8+ Ke7 39. Qe5+ Qxe5 40. dxe5 Rf8 41. Rxf8 Kxf8 42. hxg6 hxg6 43. Bxd5 Ne7 44. Bb7 a5 45. Kf2 Kf7 46. Kf3 g5 47. c6 Ke6 48. c7 Kxe5 49. c8Q Nxc8 50. Bxc8 Kd4 51. a4 Kc5 52. Bd7 g4+ 53. Kxg4 1-0

[Event "Kecskemet Caissa IM"]
[Site "Kecskemet"]
[Date "2010.06.22"]
[Round "7"]
[White "Qu, Yanqiao"]
[Black "Vamos, Viktor"]
[Result "1/2-1/2"]
[WhiteElo "2105"]
[BlackElo "2175"]
[PlyCount "80"]
[EventDate "2010.06.19"]
[EventType "tourn"]
[EventRounds "9"]
[EventCountry "HUN"]
[SourceTitle "CBM 137 Extra"]
[Source "ChessBase"]
[SourceDate "2010.09.01"]
[SourceVersion "1"]
[SourceVersionDate "2010.09.01"]
[SourceQuality "1"]

1. e4 Nf6 2. e5 Nd5 3. d4 d6 4. c4 Nb6 5. exd6 exd6 6. Nf3 Be7 7. Be2 0-0 8. Be3 Bf6 9. Nc3 Re8 10. 0-0 Nc6 11. Rc1 d5 12. c5 Nc4 13. Bxc4 dxc4 14. Ne2 Bg4 15. Rxc4 Bxf3 16. gxf3 Qd5 17. h3 Qxf3 18. Ng3 Qxd1 19. Rxd1 Rad8 20. Kg2 Rd5 21. Ne2 Red8 22. b4 a6 23. a4 R5d7 24. b5 axb5 25. axb5 Ne7 26. Ra1 Nd5 27. Ra7 c6 28. bxc6 bxc6 29. Ra6 Re7 30. Ra3 g6 31. Rca4 Kg7 32. Rb3 Rde8 33. Kf3 h6 34. Nf4 Rd8 35. Nxd5 Rxd5 36. Rb6 Re6 37. Rb7 Rf5+ 38. Kg2 Bg5 39. Ra3 Ref6 40. Rb2 Bf4 1/2-1/2